The Games Kids Play - Statistics

General Stats
  • This quiz has been taken 320 times
  • The average score is 14 of 22
Answer Stats
How to play Game % Correct
"Ready or not, here I come!" Hide and Seek
95%
You are "it" until you touch someone else Tag
91%
Hide from a baby and then suddenly reappear Peekaboo
87%
Pull the rope as hard as you can Tug of War
85%
Do as I do only if the eponymous character says to! Simon Says
84%
When the song stops, try to grab one of the remaining seats! Musical Chairs
81%
A "blind person" must find others in a swimming pool Marco Polo
73%
Quietly relay the message to the next person Chinese Whispers
71%
You have to answer a question or perform an outrageous task Truth or Dare
70%
Guess the object in the room based on my clues I Spy
68%
Throw this object and don't let the person in the center catch it Keep Away
65%
Immediately throw the object if someone throws it to you Hot Potato
64%
Jump over the other players Leapfrog
64%
Use your teeth to pick up this fruit floating in unhygienic water Bobbing for Apples
54%
One type of bird, do nothing...the other type, chase me around! Duck, Duck, Goose
54%
If your thumb is touched, you have to guess who did it Seven Up
48%
Hit the ball around the pole until it wraps all the way around Tetherball
48%
If the ball bounces in your quadrant, hit it into a different one Four Square
44%
If we call your name, you run and try to break through our line Red Rover
43%
Jump through the spaces to retrieve the thrown object Hopscotch
36%
The same game but you wear a blindfold Blind Man's Bluff
28%
We hit each other's hands until one of us gives up Bloody Knuckles
12%
No matching quizzes found
Score Distribution
Percent of People with Each Score
Percentile by Number Answered
Your Score History
You have not taken this quiz